1317 1250 1000 1755 1076 1448 1336 1584 1584 1934 1927 1233 1189 1817 1647 1387 1040 1266 1109 1069 1805 1481 1558 1747 1533 1629 1521 1356 1573 1963 1205 1184 1988 1285 1472 1281 1872 1418 1828 1572 1845 1820 1062 1076 1348 1856 1389 1798 1491 1473 1438 1238 1517 1740 1821 1704 1512 1031 1700 1210 1147 1601 1105 1913 1482 1559 1139 1230 1454 1000 1281 1940 1228 1368 1078 1976 1645 1762 1975 1346 1059 1377 1703 1856 1577 1430 1560 1651 1341 1717 1598 1646 1268 1993 1082 1700 1244 1340 1684 BCNSPRNW ULIB Ver.6.0+V

เปลี่ยนเป็นภาษาไทย

Change to English
 แสดงรายละเอียดบรรณานุกรม
  กลับหน้าหลัก

Brief Record : Get Marc (ISO 2709) : E-mail record : QR code < ปิดหน้าต่าง
LEADER : 00000nam 2200000uu 4500
001    13399126369
003     ULIB
008    180911s2559||||th 000 0 tha d
024 0  ^a9786161132200
041    ^atha
060  0 ^aWY200^bส863ก
100 0  ^aสุริยา ฟองเกิด
245 00 ^aการพยาบาลครอบครัว =^bFamily nursing/^cสุริยา ฟองเกิด และ^cศุภรา หิมานันโต
250    ^aพิมพ์ครั้งที่ 1
260    ^aชลบุรี :^bวิทยาลัยพยาบาลบรมราชชนนี ชลบุรี,^c2559
300    ^a203 หน้า
650  0 ^aการพยาบาล
650  0 ^aครอบครัว
700 0  ^aศุภรา หิมานันโต
856    ^a^zการพยาบาลครอบครัว = Family nursing (สารบัญหนังสือ)^uhttp://110.164.66.211/ULIB6//_fulltext/bookcontent/13399114419/51580.pdf
945    ^p220^l0^i26606
945    ^p220^l0^i26605
945    ^p220^l0^i26692
999    ^aกัณชพร จุลอักษร
รายการนี้ยังไม่มีแท็ก
คุณยังไม่ได้ล็อกอิน คุณสามารถมีกิจกรรมร่วมกับเว็บไซต์ได้ แต่ต้องล็อกอินก่อน ::
  ล็อกอิน

รายการสื่อสารสนเทศ

ลำดับที่ ประเภท เลขเรียก/บาร์โค้ด สถานที่ สถานะ
1. วิทยาศาสตร์การแพทย์ และสุขภาพ
วิทยาศาสตร์การแพทย์ และสุขภาพ
WY200 ส863ก ฉ.1 
  Barcode: 26605
ห้องสมุดวิทยาเขตนครสวรรค์
►หนังสือทั่วไป:l:General Books
บนชั้น
2. วิทยาศาสตร์การแพทย์ และสุขภาพ
วิทยาศาสตร์การแพทย์ และสุขภาพ
WY200 ส863ก ฉ.2 
  Barcode: 26606
ห้องสมุดวิทยาเขตนครสวรรค์
►หนังสือทั่วไป:l:General Books
บนชั้น
3. วิทยาศาสตร์การแพทย์ และสุขภาพ
วิทยาศาสตร์การแพทย์ และสุขภาพ
WY200 ส863ก ฉ.3 
  Barcode: 26692
ห้องสมุดวิทยาเขตนครสวรรค์
►หนังสือทั่วไป:l:General Books
บนชั้น

รายการใกล้เคียง
    ผู้แต่ง [สุริยา ฟองเกิด]

    หัวเรื่อง [การพยาบาล]
    หัวเรื่อง [ครอบครัว]

BibComment


ยังไม่เคยถูกคอมเมนท์

คอมเมนท์ทรัพยากรรายการนี้
  คอมเมนท์: การพยาบาลครอบครั..


 Copyright 2026. Bcnsprnw @Library